000 00238 a2200097 4500
001 56008
100 _a
245 _aStatistical methods for engineers and scientists
260 _aUSA
_bmarcel Dekke
_c1980
090 _c34672
_d34672
942 _aNUST-CAE
_cMONOGRAPH
_c27416
999 _c291081
_d291081